banner-ar

الارسال والاستقبال باحدث الاجهزة العالمية : (Record no. 4969)

MARC details
000 -الفاتح
حقل البيانات ثابتة الطول 00871nam a2200229Ia 4500
008 - عناصر البيانات ثابتة الطول - معلومات عامة
حقل البيانات ثابتة الطول 140319s9999 xx 000 0 ara d
020 ## - الرقم الدولى المعيارى للكتب
الرقم الدولى المعيارى للكتاب 9755064977
040 ## - مصدر الفهرسة
وكالة الفهرسة الأصلية GCL /
وكالة النسخ GCL
082 04 - رقم تصنيف ديوى العشرى
رقم التصنيف 621.3827
رقم المادة ف أ
100 1# - المدخل الرئيسى - إسم شخصى
الإسم الشخصى فاروق محمد العامرى
245 10 - بيان العنوان
العنوان الارسال والاستقبال باحدث الاجهزة العالمية :
بقية العنوان تليفاكس TELEFAX /
بيان المسئوليه,etc فاروق محمد العامرى
250 ## - بيان الطبعة
بيان الطبعة الاولى
260 ## - PUBLICATION, DISTRIBUTION, ETC. (IMPRINT)
تاريخ النشر أو التوزيع 1998
300 ## - الوصف المادى
التعداد 108 ص:
تفاصيل ماديه اخرى للوعاء ايض ؛
أبعاد الوعاء 24 سم
490 ## - بيان السلسلة
عنوان السلسلة موسوعة الاتصالات العالمية
رقم المجلد/ التعيين التسلسلي 2
650 04 - المدخل الاضافى بالموضوع-مصطلح موضوعى
مصطلح موضوعي الاتصالات السلكية واللاسلكية
650 04 - المدخل الاضافى بالموضوع-مصطلح موضوعى
مصطلح موضوعي الفاكسميل
650 04 - المدخل الاضافى بالموضوع-مصطلح موضوعى
مصطلح موضوعي الابراق الضوئى
650 04 - المدخل الاضافى بالموضوع-مصطلح موضوعى
مصطلح موضوعي تليفاكس
942 ## - عناصر المدخل الإضافي( كوها)
مصدر التصنيف او مخطط الترفيف Dewey Decimal Classification
Koha [default] item type كتاب
260 ## - PUBLICATION, DISTRIBUTION, ETC. (IMPRINT)
-- القاهرة :
-- معهد ناصر للدراسات الالكترونية ،
Holdings
حالة التراجع حالة الفقد حالة تلف ليس للاعارة المكان المؤقت الموقع الحالى تاريخ الاكتساب اجمالي اﻻعارات رقم الطلب الباركود تاريخ اخر مشاهدة تاريخ تفعيل السعر نوع وعاء كوها
        مكتبة القاهرة الكبرى مكتبة القاهرة الكبرى 03/26/2014   621.3827\ ف أ 11028 03/26/2014 03/26/2014 كتاب

Powered By

EGPV